Rozpočtové hospodárenie zdravotných poisťovní na Slovensku bakalárska práca

Na minha lista:
Detalhes bibliográficos
Autor principal: Rybaničová, Simona
Autor Corporativo: Národohospodárska fakulta EU. Katedra financií
Outros Autores: Nováková, Michaela, 1977-
Formato: Livro
Idioma:eslovaco
Publicado em: Bratislava 2024
Tags: Adicionar Tag
Sem tags, seja o primeiro a adicionar uma tag!

MARC

LEADER 00000nbm a2200000 4500
001 0301589
005 20250602112330.8
041 0 |a slo 
044 |a SK 
245 1 0 |a Rozpočtové hospodárenie zdravotných poisťovní na Slovensku  |b bakalárska práca  |c Simona Rybaničová ; školiteľ: Michaela Nováková 
264 1 |a Bratislava  |c 2024 
300 |a 51 s. 
100 1 |a Rybaničová, Simona 
700 1 |a Nováková, Michaela, 1977- 
710 2 |a Národohospodárska fakulta EU. Katedra financií